Návrh metodiky implementácie transformácie kontrolingu v priemyselných podnikoch
Salvato in:
| Autore principale: | |
|---|---|
| Altri autori: | |
| Natura: | Manoscritto Libro |
| Lingua: | slovacco |
| Pubblicazione: |
2024
|
| Soggetti: | |
| Accesso online: | http://is.stuba.sk/zp/portal_zp.pl?podrobnosti=143651 |
| Tags: |
Nessun Tag, puoi essere il primo ad aggiungerne!!
|
MARC
| LEADER | 00000ntm a22000003a 4500 | ||
|---|---|---|---|
| 001 | stuzp66029 | ||
| 003 | SK-STU | ||
| 005 | 20240824210336.6 | ||
| 007 | ta | ||
| 008 | 150427s2015----xo-----f-mn---000-0-slo-d | ||
| 040 | |a STU |b slo | ||
| 041 | 0 | |a slo | |
| 100 | 1 | |a Šantavá, Eva |u 064000 |k Z9 |4 aut |U MTF Materiálovotechnologická fakulta |T MTF Ústav priemyselného inžinierstva a manažmentu |X 93006 |U M4000 |Y 84 |7 93006 | |
| 242 | 0 | 1 | |a Propose of the methodology for the implementation of the transformation of controlling in industrial enterprises |y eng |
| 245 | 1 | 0 | |a Návrh metodiky implementácie transformácie kontrolingu v priemyselných podnikoch |
| 260 | |c 2024 | ||
| 650 | 4 | |a eliminácia |2 slo | |
| 650 | 4 | |a kotroling |2 slo | |
| 650 | 4 | |a lean administratíva |2 slo | |
| 650 | 4 | |a transformácia |2 slo | |
| 650 | 4 | |a analýza štruktúry činností |2 slo | |
| 650 | 4 | |a štandardizácia |2 slo | |
| 650 | 4 | |a zlepšenie procesov |2 slo | |
| 650 | 4 | |a efektivita |2 slo | |
| 650 | 4 | |a process improvement |2 eng | |
| 650 | 4 | |a controlling |2 eng | |
| 650 | 4 | |a lean admin |2 eng | |
| 650 | 4 | |a activity structure analysis |2 eng | |
| 650 | 4 | |a efficiency |2 eng | |
| 650 | 4 | |a transformation |2 eng | |
| 650 | 4 | |a standardization |2 eng | |
| 650 | 4 | |a elimination |2 eng | |
| 700 | 1 | |a Gyurák Babeľová, Zdenka |u 064000 |k Z1 |4 ths |U MTF Materiálovotechnologická fakulta |T MTF Ústav priemyselného inžinierstva a manažmentu |X 4411 |U M4000 |Y 84 |7 A000004411 | |
| 856 | 4 | |u http://is.stuba.sk/zp/portal_zp.pl?podrobnosti=143651 | |